000 00947nam a2200205 a 4500
003 PILC
005 20241119134841.0
008 061226s1969 xx 00 eng d
010 _aAcc#19513
040 _cPhilippine Baptist Theological Seminary
050 _aBV 2807
_bL177 1969
100 1 0 _aLambdin, Ina Smith
245 1 0 _aThem came spring :
_band other missionary love stories /
_cby Ina Smith Lambdin.
260 0 _aNashville, TN :
_bIna Smith Lambdin,
_cc1969.
300 _avii, 75 p. ; 22 cm.
505 _aThen came spring, Africa -- A roman romance, Italy -- Sixty years of happiness, Brazil -- A strange courtship, China -- He fell in love with a picture, Mongolia -- Jealousy and a broken romance, Fingo land -- Love at first sight, Africa -- A honeymoon on the ocean, China -- A loves story with a sad ending, China -- A courtship by mail, Europe --
650 _aMISSIONARIES
650 _aMISSIONS
_xSTORIES
942 _cCB
_2lcc
999 _c7496
_d7496